| 000 | 00689nam a2200229 a 4500 | ||
|---|---|---|---|
| 001 | BRCA_4034 | ||
| 005 | 20190320204524.0 | ||
| 008 | 080210s1889----sw-#######---#000-0#eng-# | ||
| 041 | _aeng | ||
| 044 | _asw | ||
| 050 | 4 |
_aF1211 _b.D34 1889 |
|
| 100 | 1 |
_aDahlgren, E. W. _910482 |
|
| 245 | 1 | 0 |
_aNagot om det forna och nuvarande México _bMed anledning af en gammal karta ofver staden och dess omgifningar _cE. W. Dahlgren. |
| 260 |
_aStockholm ; Suecia _bNormans B.-A _c1889 |
||
| 300 |
_a29 p. _bil. 2 mapas plegables _c24 cm. |
||
| 500 | _aC120 | ||
| 650 | 1 | 4 |
_aGeografía física _910483 |
| 650 | 1 | 4 |
_aMapas _910484 |
| 651 | 4 |
_aMéxico _xMapas _9398 |
|
| 902 | _aGFM | ||
| 942 |
_2lcc _cB |
||
| 999 |
_c3758 _d3758 |
||